| 000 | 00689nam a2200133Ia 4500 | ||
|---|---|---|---|
| 008 | 171212s9999 xx 000 0 und d | ||
| 020 | _a9780975122945 | ||
| 245 |
_ceditor Martin, David;Morphy, Frances;Sanders, Will;Taylor, John _aMaking Sense of the Census _bObservations of the 2001 Enumeration in Remote Aboriginal Australia |
||
| 260 |
_bANU E Press _c2004 |
||
| 440 | _aCentre for Aboriginal Economic Policy Research (CAEPR) | ||
| 650 | _aIndigenous Enumeration Strategy; Aboriginal Australians -- Census; Aboriginal Australians -- Population -- Statistics; Census -- Methodology; Australia -- Census, 2001 | ||
| 650 | _aSociology | ||
| 856 | _uwww.jstor.org/stable/10.2307/j.ctt2jbjtk | ||
| 999 |
_c351197 _d351197 |
||